00466nam a22001457a 4500003000400000005001700004008004100021040000900062082001700071100002000088245009900108260004600207300000800253650005900261OSt20221116102018.0221116b |||||||| |||| 00| 0 eng d cSBCL a330.1bPON-G aPonnoly, Joseph aGateway to the Quantum AgebManaging Disruptive Technologies in Globalized Knowledge Economies aUSAbCinfodens Consulting Houseton c2018 a248 2Social sciencesaEconomicsvSystems, Schools, Theories